000 00497nam a2200193Ia 4500
005 20250923144708.0
008 008 250917s9999 xx 000 0 eng d
037 _aTextual
040 _aDSWL
_beng
_cDSWL
041 _aeng
_2eng
084 _qDSWL
245 0 _aReport of the committees of the panel on land reforms
260 _aDelhi
_b Manager of Publication
_c1959
300 _axii,226p.
365 _aINR
_b1.87
925 _g1.87
942 _cTEXL
999 _c1442150
_d1442150